Impact of Social Media on Children's Relationship With Brands

Skúmanie vplyvu sociálnych sietí na vzťah detí k značkám. Ako a kedy si malé deti rozvíjajú povedomie o značke a najdôležitejšie prediktory tohto vývoja. Rozvoj znalostí o detskej značke.

Guardado en:
Detalles Bibliográficos
Autor principal: Hutmanová, Nikoleta, 1994-
Otros Autores: Dorčák, Peter, 1979-
Formato: Capítulo de libro
Lenguaje:inglés
Materias:
Etiquetas: Agregar Etiqueta
Sin Etiquetas, Sea el primero en etiquetar este registro!

MARC

LEADER 00000naa$a2200000$$$4500
001 0277468
005 20240502083840.8
041 0 |a eng 
044 |a FR 
245 1 0 |a Impact of Social Media on Children's Relationship With Brands 
520 |a Skúmanie vplyvu sociálnych sietí na vzťah detí k značkám. Ako a kedy si malé deti rozvíjajú povedomie o značke a najdôležitejšie prediktory tohto vývoja. Rozvoj znalostí o detskej značke. 
610 2 0 |a spotrebitelia 
610 2 0 |a deti 
610 2 0 |a značky 
610 2 0 |a médiá sociálne 
100 1 |a Hutmanová, Nikoleta, 1994- 
700 1 |a Dorčák, Peter, 1979-